Famosos hispanohablantes de la década de 2020 - Estadísticas

Estadísticas generales
  • Esta prueba ha sido intentada 4.054 veces
    3.988 desde el último reinicio
  • La puntuación promedio es 14 de 20
Estadísticas de respuestas
Imagen Hint Respuesta % Correcto
Lionel Messi
98%
Shakira
98%
Bad Bunny
93%
Karol G
92%
Bizarrap
90%
AuronPlay
87%
Ibai Llanos
85%
Luisito Comunica
79%
Bad Gyal
77%
Kun Agüero
77%
Rauw Alejandro
77%
Ana de Armas
67%
María Becerra
67%
Peso Pluma
67%
Pedro Pascal
66%
Ansu Fati
64%
Salma Hayek
45%
Paula Badosa
22%
Claudia Sheinbaum
21%
Jorge Drexler
8%
No se encontraron pruebas coincidentes
Distribución de puntuación
Porcentaje de gente con cada puntuación
Porcentaje por número respondido
Historial de tus puntuaciones
No has intentado esta prueba desde el último reinicio